000
00267nam a22001217a 4500
008
170427b xxu||||| |||| 00| 0 eng d
041
_a
eng
080
_2
4 ED
_a
34
100
_a
13
101
_a
SHJ
245
_a
JUVENILE DELINQUENCY
_c
SIEGEL.L.J
942
_2
udc
_c
BK
999
_c
12297
_d
12297